[Event "Gatineau op U1600"]
[Site "Gatineau"]
[Date "2013.03.03"]
[Round "4"]
[White "Senecal, Jean Pierre"]
[Black "Simard, Paul"]
[Result "1-0"]
[WhiteElo "1509"]
[BlackElo "1046"]
[PlyCount "97"]
[EventDate "2013.03.01"]
[EventType "swiss"]
[EventRounds "5"]
[EventCountry "CAN"]
[SourceTitle "EXT 2022"]
[Source "ChessBase"]
[SourceDate "2021.10.06"]
[SourceVersion "1"]
[SourceVersionDate "2021.10.06"]
[SourceQuality "1"]

1. e4 e5 2. c3 Nf6 3. Nf3 Nc6 4. Qc2 Bc5 5. Bb5 0-0 6. d3 h6 7. 0-0 d5 8. Be3 Bxe3 9. fxe3 dxe4 10. dxe4 a6 11. Bc4 b5 12. Bb3 Na5 13. Nbd2 Bb7 14. Rad1 Qe7 15. Nh4 Nxb3 16. Qxb3 Ng4 17. Ng6 Qc5 18. Nxf8 Qxe3+ 19. Kh1 Nf2+ 20. Rxf2 Rxf8 21. Rdf1 Kh7 22. Qd1 Qc5 23. Rxf7 Rxf7 24. Rxf7 Qe3 25. Qf1 Bc8 26. Rxc7 Bg4 27. h3 Bh5 28. Rd7 Qg3 29. Re7 Qg5 30. Qf5+ Qxf5 31. exf5 a5 32. g4 Bg6 33. h4 h5 34. fxg6+ Kxg6 35. Re6+ Kf7 36. Rxe5 hxg4 37. Rxb5 g6 38. c4 Kg7 39. h5 gxh5 40. Rxh5 Kg6 41. Rxa5 g3 42. Kg2 Kh6 43. Kxg3 Kg6 44. Kf4 Kf6 45. Ra6+ Kf7 46. Kf5 Kg7 47. Ra7+ Kh6 48. Ne4 Kh5 49. Rh7# 1-0

[Event "Montreal Ahuntsic op-B"]
[Site "Montreal"]
[Date "2011.04.03"]
[Round "1"]
[White "Senecal, Jean Pierre"]
[Black "Lajoie, Gerald"]
[Result "1-0"]
[WhiteElo "1433"]
[BlackElo "1074"]
[PlyCount "57"]
[EventDate "2011.04.03"]
[EventType "swiss (rapid)"]
[EventRounds "5"]
[EventCountry "CAN"]
[SourceTitle "EXT 2013"]
[Source "ChessBase"]
[SourceDate "2012.11.22"]
[SourceVersion "1"]
[SourceVersionDate "2012.11.22"]
[SourceQuality "1"]

1. e4 c5 2. Nf3 d6 3. c3 Nc6 4. Bc4 e6 5. 0-0 g6 6. d4 cxd4 7. cxd4 Bg7 8. Nc3 Nf6 9. Re1 0-0 10. Bg5 a6 11. Qd2 Qc7 12. Bh6 b5 13. Bb3 Rb8 14. Bxg7 Kxg7 15. Rac1 Rd8 16. d5 Na5 17. Nxb5 Qb6 18. Nbd4 Bd7 19. Rc3 Nb7 20. Nc6 Bxc6 21. Rxc6 Qa7 22. Rc7 Qb6 23. Qc3 Na5 24. Re7 e5 25. Ng5 Rf8 26. Ne6+ Kg8 27. Nxf8 Kxf8 28. Rxe5 dxe5 29. Qxe5 1-0

[Event "Sherbrooke op-C"]
[Site "Sherbrooke"]
[Date "2008.05.24"]
[Round "3"]
[White "Beauregard, Pascal"]
[Black "Senecal, Jean Pierre"]
[Result "1/2-1/2"]
[WhiteElo "1288"]
[BlackElo "1343"]
[PlyCount "89"]
[EventDate "2008.05.23"]
[EventType "swiss"]
[EventRounds "5"]
[EventCountry "CAN"]
[SourceTitle "EXT 2011"]
[Source "ChessBase"]
[SourceDate "2010.11.26"]
[SourceVersion "1"]
[SourceVersionDate "2010.11.26"]
[SourceQuality "1"]

1. e4 e6 2. Nf3 d5 3. e5 c5 4. d4 Nc6 5. c3 Qb6 6. Na3 a6 7. Nc2 cxd4 8. cxd4 Nge7 9. Be2 Nf5 10. 0-0 Be7 11. g4 Nh4 12. Nxh4 Bxh4 13. a3 Qd8 14. Qd2 0-0 15. b4 b5 16. Qf4 f6 17. Qe3 fxe5 18. dxe5 Bd7 19. f4 Be7 20. Bd3 a5 21. Bb2 axb4 22. Bxb5 bxa3 23. Bxa3 Rxa3 24. Rxa3 Bxa3 25. Nxa3 Qe7 26. Nc2 Rb8 27. Bd3 g6 28. g5 Rb3 29. Qe2 Qc5+ 30. Kh1 Nd4 31. Nxd4 Qxd4 32. Bc2 Rb2 33. Qd3 Qxd3 34. Bxd3 Bb5 35. Bxb5 Rxb5 36. Kg2 Kg7 37. Rd1 Rb4 38. Kf3 h6 39. h4 hxg5 40. hxg5 Rb7 41. Rd3 Rf7 42. Rd4 Rf5 43. Ke3 Rf7 44. Kd3 Rc7 45. Rb4 1/2-1/2

[Event "Sherbrooke op B"]
[Site "Sherbrooke"]
[Date "2007.05.27"]
[Round "5"]
[White "Senecal, Jean Pierre"]
[Black "Duplessis, Jean Roch"]
[Result "0-1"]
[WhiteElo "1336"]
[BlackElo "1736"]
[PlyCount "102"]
[EventDate "2007.05.25"]
[EventType "swiss"]
[EventRounds "5"]
[EventCountry "CAN"]
[SourceTitle "EXT 2022"]
[Source "ChessBase"]
[SourceDate "2021.10.06"]
[SourceVersion "1"]
[SourceVersionDate "2021.10.06"]
[SourceQuality "1"]

1. e4 e5 2. c3 d5 3. Nf3 dxe4 4. Nxe5 Be6 5. Qa4+ c6 6. Qxe4 Nf6 7. Qa4 Bd6 8. d4 Qc7 9. Nf3 0-0 10. h3 Re8 11. Be2 b5 12. Qc2 Bc4 13. Be3 Bf4 14. Bxc4 bxc4 15. 0-0 Bxe3 16. fxe3 Nbd7 17. Nbd2 c5 18. Nxc4 cxd4 19. cxd4 Ne4 20. Rac1 Qg3 21. Nfe5 Nxe5 22. Nxe5 Qxe3+ 23. Kh2 Qg3+ 24. Kg1 Nd6 25. Rf3 Qh4 26. Rcf1 Qxd4+ 27. Qf2 Qxf2+ 28. R1xf2 Rxe5 29. Kh2 Ne4 30. Re2 Rae8 31. Rfe3 f6 32. g4 Ng5 33. Rxe5 Rxe5 34. Rc2 Ne6 35. Rc3 Re2+ 36. Kg3 Rxb2 37. a3 Kf7 38. h4 Ra2 39. h5 g5 40. Rb3 a5 41. Rb7+ Kg8 42. Rb3 Nc5 43. Re3 a4 44. Kf3 Kf7 45. Rc3 Ne6 46. Ke4 Rg2 47. Kf3 Rb2 48. Ke3 Rb3 49. Kd2 Rxc3 50. Kxc3 Nf4 51. Kb4 f5 0-1

[Event "Sherbrooke op B"]
[Site "Sherbrooke"]
[Date "2007.05.26"]
[Round "3"]
[White "Senecal, Jean Pierre"]
[Black "Pelletier, Jacques"]
[Result "0-1"]
[WhiteElo "1336"]
[BlackElo "1445"]
[PlyCount "102"]
[EventDate "2007.05.25"]
[EventType "swiss"]
[EventRounds "5"]
[EventCountry "CAN"]
[SourceTitle "EXT 2022"]
[Source "ChessBase"]
[SourceDate "2021.10.06"]
[SourceVersion "1"]
[SourceVersionDate "2021.10.06"]
[SourceQuality "1"]

1. e4 e5 2. c3 d5 3. Nf3 dxe4 4. Qa4+ Nd7 5. Nxe5 c6 6. d4 Nb6 7. Qb3 Be6 8. Qc2 f6 9. Nxc6 bxc6 10. Qxe4 Qd5 11. Nd2 Qxe4+ 12. Nxe4 Be7 13. b3 f5 14. Ng3 Nf6 15. Ba6 Bd7 16. 0-0 Bd6 17. Re1+ Kf7 18. f4 Rhe8 19. Bd2 Rxe1+ 20. Rxe1 Re8 21. Bd3 Rxe1+ 22. Bxe1 g6 23. Bd2 Nbd5 24. Ne2 Ne4 25. Bxe4 fxe4 26. g3 Bg4 27. Kf2 Ba3 28. c4 Bxe2 29. Kxe2 Nb4 30. Bxb4 Bxb4 31. Ke3 Ke6 32. Kxe4 Be1 33. g4 Bf2 34. f5+ gxf5+ 35. gxf5+ Kf6 36. b4 Bg1 37. h4 h5 38. a4 Bf2 39. b5 cxb5 40. axb5 Bxh4 41. c5 Bg3 42. d5 h4 43. d6 h3 44. d7 Ke7 45. c6 Bc7 46. Kf3 Kf6 47. d8Q+ Bxd8 48. Kg3 Kxf5 49. Kxh3 Ke5 50. Kg3 Kd5 51. Kf3 Kc5 0-1

[Event "CAN-ch op"]
[Site "Sackville"]
[Date "2001.07.09"]
[Round "4"]
[White "Kekely, John"]
[Black "Senecal, Jean Pierre"]
[Result "1-0"]
[WhiteElo "1903"]
[BlackElo "1603"]
[PlyCount "39"]
[EventDate "2001.07.??"]
[EventType "swiss"]
[EventRounds "10"]
[EventCountry "CAN"]
[SourceTitle "EXT 2006"]
[Source "ChessBase"]
[SourceDate "2005.11.24"]
[SourceVersion "1"]
[SourceVersionDate "2005.11.24"]
[SourceQuality "1"]

1. e4 c5 2. Nf3 Nc6 3. Bb5 d6 4. 0-0 Bd7 5. Re1 e5 6. c3 g6 7. d3 Bg7 8. Bg5 Nge7 9. Nbd2 0-0 10. Ba4 a6 11. Bb3 Qc7 12. Nc4 Be6 13. Ne3 Na5 14. Ng4 Nxb3 15. Nf6+ Bxf6 16. Bxf6 Nxa1 17. Qd2 Nf5 18. exf5 Qd8 19. Bxd8 Bxf5 20. Bf6 1-0